000 00662nam a22002177a 4500
005 20240110150618.0
010 _aENG-98168 ENG-138839
020 _a9788189107826
_c50.00
035 _aEN-81701
035 _aEN-122371
037 _bDBAD/PUB
082 _a154.22
100 _aAnubhavananda, Swami
_960830
245 _a ego factor :
_ban asset and a liability /
260 _aBhopal
_bIndra Publishing House
_c2010
270 _aE-5/21, Arera Colony, Habibganj Police Station Road
_bBhopal
_e462016
300 _a87p.
_c22cm (pbk)
650 _aHapiness
_960831
650 _aConduct of life
_960832
942 _2ddc
_cEN
_h154.22
_mANU
999 _c39176
_d39176